70 años de historia Instituto Interamericano de Cooperación para la Agricultura / (Registro nro. 15430)

Detalles MARC
000 -LEADER
fixed length control field 01180nam a22002417a 4500
003 - CONTROL NUMBER IDENTIFIER
control field OSt
005 - DATE AND TIME OF LATEST TRANSACTION
control field 20210318124253.0
008 - FIXED-LENGTH DATA ELEMENTS--GENERAL INFORMATION
fixed length control field 210318s2012 mx ao||gr|||| 00| 0 spa d
020 ## - INTERNATIONAL STANDARD BOOK NUMBER
International Standard Book Number 9789292484019
040 ## - CATALOGING SOURCE
Original cataloging agency CO-JMCR
Transcribing agency CO-JMCR
041 0# - LANGUAGE CODE
Language code of text/sound track or separate title spa
082 04 - DEWEY DECIMAL CLASSIFICATION NUMBER
Classification number 338.1 /
Item number I597s
Edition number 23
110 1# - MAIN ENTRY--CORPORATE NAME
Corporate name or jurisdiction name as entry element Instituto Interamericano de Cooperación Para la Agricultura
9 (RLIN) 36295
245 10 - TITLE STATEMENT
Title 70 años de historia Instituto Interamericano de Cooperación para la Agricultura /
246 0# - VARYING FORM OF TITLE
Title proper/short title Setenta años de historia Instituto Interamericano de Cooperación para la Agricultura
250 ## - EDITION STATEMENT
Edition statement Primera edición
260 ## - PUBLICATION, DISTRIBUTION, ETC.
Place of publication, distribution, etc. México :
Name of publisher, distributor, etc. Instituto Interamericano de Cooperación para la Agricultura,
Date of publication, distribution, etc. 2012
300 ## - PHYSICAL DESCRIPTION
Extent 197 páginas :
Other physical details ilustraciones y fotografías a color ;
Dimensions 32 cm.
505 0# - FORMATTED CONTENTS NOTE
Formatted contents note La primera década -- La década de 1950 --La década de 1960 -- La década de 1970 -- La década de 1980 -- La década de 1990 -- El nuevo milenio -- El IICA de hoy y sus retos
610 24 - SUBJECT ADDED ENTRY--CORPORATE NAME
Corporate name or jurisdiction name as entry element Instituto Interamericano de Cooperación para la Agricultura
General subdivision Historia
9 (RLIN) 36296
610 24 - SUBJECT ADDED ENTRY--CORPORATE NAME
Corporate name or jurisdiction name as entry element Instituto Interamericano de Cooperación para la Agricultura
General subdivision Actividades
9 (RLIN) 36297
942 ## - ADDED ENTRY ELEMENTS (KOHA)
Source of classification or shelving scheme Dewey Decimal Classification
Koha item type Books
Existencias
Withdrawn status Lost status Source of classification or shelving scheme Damaged status Not for loan Collection code Home library Current library Date acquired Source of acquisition Total Checkouts Full call number Barcode Date last seen Copy number Price effective from Koha item type
    Dewey Decimal Classification     Non-fiction Biblioteca Pública José María del Castillo y Rada Biblioteca Pública José María del Castillo y Rada 10/02/2020 Donación   338.1 / I597s 201810907 05/16/2024 Ej.1 03/18/2021 Books